Political science and government (Record no. 22160)

000 -LEADER
fixed length control field 00451nam a22001817a 4500
001 - CONTROL NUMBER
control field 22160
003 - CONTROL NUMBER IDENTIFIER
control field BD-DhUET
008 - FIXED-LENGTH DATA ELEMENTS--GENERAL INFORMATION
fixed length control field 150423b xxu||||| |||| 00| 0 eng d
040 ## - CATALOGING SOURCE
Original cataloging agency DLC
Transcribing agency DLC
Modifying agency BD-DhUET
082 ## - DEWEY DECIMAL CLASSIFICATION NUMBER
Classification number 320
Item number HAF/1970
100 ## - MAIN ENTRY--PERSONAL NAME
Personal name Hafiz Habibur Rahman
245 ## - TITLE STATEMENT
Title Political science and government
250 ## - EDITION STATEMENT
Edition statement 8th ed.
260 ## - PUBLICATION, DISTRIBUTION, ETC. (IMPRINT)
Place of publication, distribution, etc. Dacca
Name of publisher, distributor, etc. Ideal Publications
Date of publication, distribution, etc. 1970
300 ## - PHYSICAL DESCRIPTION
Extent ix,183 p.
650 #0 - SUBJECT ADDED ENTRY--TOPICAL TERM
Topical term or geographic name as entry element Political science
942 ## - ADDED ENTRY ELEMENTS (KOHA)
Koha item type General Book
Holdings
Copy number Source of classification or shelving scheme Not for loan Koha normalized classification for sorting Koha date last seen Piece designation (barcode) Lost status Koha issues (times borrowed) Damaged status Koha item type Sublocation or collection (holding branch) Location (home branch) Shelving location Price effective from Date acquired Withdrawn status Koha date last borrowed Koha full call number
1  320_000000000000000_HAF_19702017-05-0817115 1 Contented Book Central Library, BUETCentral Library, BUETCirculation section2015-04-232015-04-23 2017-03-19320/HAF/1970
2  320_000000000000000_HAF_19702017-05-1617114   General BookCentral Library, BUETCentral Library, BUETCirculation section2017-05-161970-12-15  320/HAF/1970